Mryganayani (Record no. 10400)
[ view plain ]
| 000 -LEADER | |
|---|---|
| fixed length control field | 00438nam a2200145Ia 4500 |
| 008 - FIXED-LENGTH DATA ELEMENTS--GENERAL INFORMATION | |
| fixed length control field | 210324s9999||||xx |||||||||||||| ||und|| |
| 040 ## - CATALOGING SOURCE | |
| Transcribing agency | STCPL |
| 082 ## - DEWEY DECIMAL CLASSIFICATION NUMBER | |
| Classification number | 891.43 |
| Item number | -M |
| 100 ## - MAIN ENTRY--PERSONAL NAME | |
| Personal name | Neal Larry |
| 245 #0 - TITLE STATEMENT | |
| Title | Mryganayani |
| 260 ## - PUBLICATION, DISTRIBUTION, ETC. | |
| Place of publication, distribution, etc. | ___ |
| Name of publisher, distributor, etc. | ___ |
| 650 ## - SUBJECT ADDED ENTRY--TOPICAL TERM | |
| Topical term or geographic name entry element | East Indo-European And Celtic LiteraturesWestern Hindi LiteraturesTHE ORIGINS AND SIGNIFICANTS OF THE EARLY HISTORY OF THE MOVEMENT, LADY GREGORY |
| 942 ## - ADDED ENTRY ELEMENTS (KOHA) | |
| Koha item type | Books |
| 041 ## - LANGUAGE CODE | |
| Language code of original | |
| Withdrawn status | Lost status | Damaged status | Not for loan | Home library | Current library | Shelving location | Date acquired | Total Checkouts | Full call number | Barcode | Date last seen | Price effective from | Koha item type |
|---|---|---|---|---|---|---|---|---|---|---|---|---|---|
| ST. THOMAS COLLEGE LIBRARY, PALAI | ST. THOMAS COLLEGE LIBRARY, PALAI | 2021-07-10 | 891.43 -M | 17500 | 2021-07-10 | 2021-07-10 | Books |
